Enseñanza de la matemática moderna en el primer curso

में बचाया:
ग्रंथसूची विवरण
मुख्य लेखकों: Trejo, César A (लेखक), Bosch, Jorge E (लेखक)
स्वरूप: पुस्तक
भाषा:स्पेनिश
प्रकाशित: Buenos Aires EUDEBA 1968
श्रृंखला:La Escuela en el Tiempo. Textos del secundario. Matemática
विषय:
टैग: टैग जोड़ें
कोई टैग नहीं, इस रिकॉर्ड को टैग करने वाले पहले व्यक्ति बनें!

MARC

LEADER 00000nam a2200000 a 4500
001 UCX1207
003 CL-VaPUC
008 900619e19680000AG |||||||||||||||||spa|d
082 0 4 |a 510.202  |b TRE  |2 21 
100 0 |a Trejo, César A  |e author  |9 316616 
700 0 |a Bosch, Jorge E  |e author  |9 316617 
245 1 0 |a Enseñanza de la matemática moderna en el primer curso 
300 |a 109 p 
942 |c BK 
945 |d 19900619 00:00:00 
260 |a Buenos Aires  |b EUDEBA  |c 1968 
650 0 |a Matemática  |9 260235 
650 7 |a LIBROS DE TEXTOS  |2 CL-VaPUC  |9 316618 
583 |a last modification  |c 19900619 00:00:00  |k Rodrigo Vera 
490 0 |a La Escuela en el Tiempo. Textos del secundario. Matemática 
999 |c 222492  |d 222490 
952 |0 0  |1 0  |4 0  |6 510_202000000000000_TRE_1968  |7 0  |8 A  |9 217265  |a BIBCUR  |b BIBCUR  |d 2019-11-15  |i 2862433  |l 1  |o 510.202 TRE 1968  |p 2862433  |r 2025-04-22  |s 2023-04-04  |w 2019-11-15  |y BK  |k BCB